Statistics for English football teams: L

Click here to take the quiz!

General Stats

  • This quiz has been taken 70 times
  • The average score is 5 of 6

Answer Stats

LeagueAnswer% Correct
PLiverpool
98%
PLeicester
95%
PLeeds
91%
CLuton
78%
1Lincoln
58%
2Leyton Orient
49%

Score Distribution

Percentile by Number Answered

Percent of People with Each Score

Your Score History

You have not taken this quiz